| 000 | 00990cam a2200313 4500 | ||
|---|---|---|---|
| 001 | 1236024 | ||
| 003 | OSt | ||
| 005 | 20140310184350.0 | ||
| 008 | 690724s1969 nyua j 000 1 eng | ||
| 010 | _a 69020374 | ||
| 020 | _a0590129317 | ||
| 040 |
_aDLC _cDLC _dDLC |
||
| 042 | _alcac | ||
| 050 | 0 | 0 |
_aPZ 7 _b.B1135Se 1969 |
| 100 | 1 |
_aBabbitt, Natalie. _925028 |
|
| 245 | 1 | 4 |
_aThe search for delicious / _bNatalie Babbitt. |
| 260 |
_aNew York : _bScholastic Inc, _c1969 |
||
| 300 |
_a167 p. _billus. _c17 cm. |
||
| 490 | 0 | _aAn Ariel book | |
| 520 | _aThe Prime Minister is compiling a dictionary and when no one at court can agree on the meaning of delicious, the King sends his twelve-year-old messenger to poll the country. | ||
| 521 | _aG8 | ||
| 526 | _c910 | ||
| 562 | _e1 | ||
| 650 | 1 |
_aFantasy _xJuvenile fiction. _925029 |
|
| 650 | 1 |
_aFantasy _xFiction. _925030 |
|
| 906 |
_a7 _bcbc _corignew _du _encip _f19 _gy-gencatlg |
||
| 942 |
_2lcc _cBK-SCHOLAS |
||
| 999 |
_c33923 _d33923 |
||